| 000 | 00500pam a2200193 a 4500 | ||
|---|---|---|---|
| 020 |
_a8125014268 _c275.00 |
||
| 041 |
_aeng _hNULL |
||
| 082 |
_a618.2 _bBHA/KOT |
||
| 100 | _aBHATNAGAR, S . | ||
| 245 |
_aESSENTIALS OF HUMAN GENETICS / _cNULL. _hTextual Documents |
||
| 250 |
_a4 / _b. |
||
| 260 |
_aNULL : _bORIENT LONGMAN , _c2004. |
||
| 300 |
_a210 : _bxiii ; _cNULL . |
||
| 365 | _a275.00 | ||
| 700 | _aKHOTHARI, M . | ||
| 930 | _a1449 | ||
| 999 |
_c795985 _d795985 |
||
| 650 | _aOBST.GYNE | ||